00714nam a2200205 i 4500001000300000100002000003245010100023260004000124300003800164504002400202650001900226650003200245655003000277020001500307040000800322041000800330080003100338008004100369856009800410bg1 aSZYDŁO, Antoni10aNawierzchnie drogowe z betonu cementowego :bteoria, wymiarowanie, realizacja /cAntoni Szydło. aKraków :b"Polski Cement",c2004. a287 s. :bil. ;c24 cm +eCD ROM. aBibliogr. - Indeks. 9aDrogi betonowe 9aBeton cementowyxstosowanie aPodręczniki akademickie a838947803X cBPK0 apol a625.7/.8(075.8):666.97/.98 s pl f |000 0 pol  uhttp://koha.tu.koszalin.pl/cgi-bin/koha/opac-detail.pl?biblionumber=44713yKatalog online BPK